Statistics for Countries that border exactly two other countries

Click here to take the quiz!

General Stats

  • This quiz has been taken 25 times
  • The average score is 19 of 27

Answer Stats

ContinentAnswer% Correct
North AmericaUnited States
100%
AsiaNepal
90%
AsiaBhutan
86%
EuropeSweden
86%
EuropeAndorra
81%
South AmericaEcuador
81%
North AmericaPanama
81%
North AmericaBelize
76%
North AmericaCosta Rica
76%
North AmericaEl Salvador
76%
AfricaEswatini
76%
South AmericaUruguay
76%
AsiaYemen
76%
AsiaBangladesh
71%
AsiaKuwait
71%
EuropeLiechtenstein
71%
North AmericaNicaragua
71%
AfricaTunisia
71%
EuropeEstonia
67%
AsiaLebanon
62%
EuropeMoldova
62%
AsiaUnited Arab Emirates
62%
EuropeNetherlands
52%
AfricaEquatorial Guinea
48%
AfricaGuinea-Bissau
48%
AfricaSierra Leone
43%
AsiaIndonesia
33%

Score Distribution

Percentile by Number Answered

Percent of People with Each Score

Your Score History

You have not taken this quiz